[Manažment podnikania a vecí verejných - úvod k vydaniu zborníka]

Salvato in:
Dettagli Bibliografici
Autore principale: Tóth, Miroslav, 1961-
Natura: Capitolo di libro
Lingua:slovacco
Tags: Aggiungi Tag
Nessun Tag, puoi essere il primo ad aggiungerne!!

MARC

LEADER 00000naa$a2200000$$$4500
001 0174213
005 20240502072954.2
041 0 |a slo 
044 |a SK 
245 1 0 |a [Manažment podnikania a vecí verejných - úvod k vydaniu zborníka]  |c Miroslav Tóth 
100 1 |a Tóth, Miroslav, 1961-